000 00820nam a2200241Ia 4500
003 OSt
005 20220923221122.0
006 a|||||r|||| 00| 0
007 ta
008 220922b |||||||| |||| 00| 0 hin d
024 _a195,378
037 _cTextual
040 _aARTS
_cARTS
_bhin
041 _2hin
_ahin
082 _aR3xM:g, 152L3;M8
100 _aसिंह, शिवप्रसाद
_9156270
245 0 _aआधुनिक परिवेश और अस्तित्ववाद
246 _aĀdhunik parivesh aur astitvavāda
260 _aदिल्ली
_b नेशनल पब्लिशिंग हाउस
_c1973
300 _a152पृ.
_ccm.
942 _hR3xM:g, 152L3;M8
_cTEXL
_2CC
999 _c347588
_d347588